000 00530nam a2200193Ia 4500
005 20250508151029.0
008 008 250505s9999 xx 000 0 eng d
037 _aTextual
040 _aFEDL
_beng
_cFEDL
041 _aeng
_2eng
084 _a371.3, EAR
_qFEDL
100 _aEarhart Lida B
_9758242
245 0 _aTypes of teaching
260 _aBoston, USA
_bHoughton Mifflin Company
_c1915
300 _axvi,277p
650 _aTeaching Technique
942 _cTEXL
_h371.3, EAR
999 _c1327167
_d1327167